000 00954ngm a22003250a 4500
001 PT16236
003 AR-LpoUNG
005 20210201232401.0
007 co ||u|||uuuuu
008 191001s2001||||mx |||||||||||||||||eng d
020 _a9701507266
_c$15.8
040 _aAR-LpoUNG
_bspa
_cAR-LpoUNG
_eaacr
041 _aeng
044 _amx
082 0 _a005.3 74mac
100 1 _aOrós Cabello, José Luis
245 1 0 _aMacromedia flash 5 :
_bcurso práctico
250 _a1§ edición
260 _aMéxico, D. F. :
_bAlfaomega - Ra-Ma,
_c2001.
300 _agráfs., il., tbls.
520 _aCD-ROM con demo de Flash 5, en idioma ingles, totalmente operativo y todos los ejercicios, prácticas y ejemplos del libro.
650 4 _aCOMPUTACION
650 4 _aDIAGRAMAS
650 4 _aILUSTRACIONES
650 4 _aINFORMATICA
650 4 _aMATERIAL AUDIOVISUAL
650 4 _aPROGRAMAS DE COMPUTADORAS
905 _a16236
942 _cCDDVD
999 _c53538
_d53538